| 000 | 00825nas a2200277 4500 | ||
|---|---|---|---|
| 001 | BR2013009773 | ||
| 003 | BR-BrBNA | ||
| 005 | 20231205123322.0 | ||
| 007 | ta | ||
| 008 | 230509b bl.|||p| |||| 00| 00por d | ||
| 040 |
_aBR-BrBNA _bpor _cBiblioteca Nacional de Agricultura |
||
| 041 | _a(En) | ||
| 072 | _aH10 | ||
| 100 | 1 | _aCarneiro, M.A.A. | |
| 100 | 1 | _aFernandes, G.W. | |
| 100 | 1 | _aSouza, O.F.F. de | |
| 100 | 1 | _aSouza, W.V.M. | |
| 245 | 1 | _aSex-mediated herbivory by galling insects on Baccharis concinna | |
| 650 | _aINSETO | ||
| 650 | _aREPRODUÇÃO | ||
| 650 | _aPLANTA HOSPEDEIRA | ||
| 650 | _aBIOLOGIA | ||
| 773 | 0 |
_tRevista Brasileira de Entomologia (Brazil) _xISSN 0085-5626 _g(Jul-Sep 2006), v. 50(3) p. 394-398 _wBR2013009773 |
|
| 909 |
_a202311 _bLúcia _c55 _dLúcia Elande |
||
| 942 |
_2AGRIS _n0 _cANA |
||
| 999 |
_c233292 _d233292 |
||